Begins & Ends with the Same 2 Letters II Quiz Stats

 Plays Quiz Updated May 9, 2019

Support Sporcle.
Go Orange.
Score 0/20 Timer 06:00
11 Plays Today
% Correct
AL ... AL
95.4%
TH ... TH
93.3%
EN ... EN
78.7%
SH ... SH
76.6%
ED ... ED
72.9%
TO ... TO
70.5%
EM ... EM
68.5%
CE ... CE
67.3%
AM ... AM
67.1%
ES ... ES
67%
% Correct
ST ... ST
66.8%
TE ... TE
66.3%
NE ... NE
61.1%
RE ... RE
60.6%
OR ... OR
60.3%
SA ... SA
59.1%
HO ... HO
58.5%
KE ... KE
58.5%
ER ... ER
57.9%
LE ... LE
57.1%

You're not logged in!

Compare scores with friends on all Sporcle quizzes.
OR
Log In

From the Vault

Remove Ads.
Support Sporcle.
Get the best of Sporcle when you Go Orange. This ad-free experience offers more features, more stats, and more fun while also helping to support Sporcle. Thank you for becoming a member.

Show Comments

Extras

Top Quizzes Today


Score Distribution

Your Account Isn't Verified!

In order to create a playlist on Sporcle, you need to verify the email address you used during registration. Go to your Sporcle Settings to finish the process.

Report this User

Report this user for behavior that violates our Community Guidelines.

Details: